Ropný trh a globálna hospodárska kríza - príčiny a súvislosti

Analýza historicky najvyšších nominálnych cien ropy ako možného spoluiniciátora globálnej finančnej a hospodárskej krízy. Skúmanie makroekonomických ukazovateľov, ich dynamiky a nadväznosti na vysokú cenovú volatilitu na energetickom trhu v období pred a počas globálnej recesie. Prognózy vývoja komo...

Full description

Saved in:
Bibliographic Details
Main Author: Baláž, Peter
Format: Book Chapter
Language:Slovak
Subjects:
Tags: Add Tag
No Tags, Be the first to tag this record!

MARC

LEADER 00000nla$a2200000$$$4500
001 0101032
005 20240502072114.4
041 0 |a slo 
044 |a SK 
245 1 0 |a Ropný trh a globálna hospodárska kríza - príčiny a súvislosti  |c Peter Baláž 
520 |a Analýza historicky najvyšších nominálnych cien ropy ako možného spoluiniciátora globálnej finančnej a hospodárskej krízy. Skúmanie makroekonomických ukazovateľov, ich dynamiky a nadväznosti na vysokú cenovú volatilitu na energetickom trhu v období pred a počas globálnej recesie. Prognózy vývoja komoditných trhov v budúcnosti. 
610 2 0 |a ropa 
610 2 0 |a ceny 
610 2 0 |a trh svetový 
610 2 0 |a energetika 
610 2 0 |a rast hospodársky 
610 2 0 |a kríza hospodárska 
610 2 0 |a kríza finančná 
610 2 0 |a recesia 
100 1 |a Baláž, Peter